Journalism & mass communication quarterly (Record no. 38463)
[ view plain ]
| 000 -LEADER | |
|---|---|
| fixed length control field | 00533nam a2200169Ia 4500 |
| 022 ## - INTERNATIONAL STANDARD SERIAL NUMBER | |
| ISSN | 10776990 |
| 050 ## - CALL MARK | |
| Classification number | PN 4700 .J7/ |
| 245 #0 - TITLE STATEMENT | |
| Title | Journalism & mass communication quarterly |
| 260 ## - PUBLICATION, DISTRIBUTION, ETC. (IMPRINT) | |
| Place of publication | Columbia |
| 260 ## - PUBLICATION, DISTRIBUTION, ETC. (IMPRINT) | |
| Name of publisher | Association for Education in Journalism and Mass Communication |
| 260 ## - PUBLICATION, DISTRIBUTION, ETC. (IMPRINT) | |
| Year of publication | 1995 |
| 300 ## - PHYSICAL DESCRIPTION | |
| Number of Pages | v. , 899 p. : ill. ; 23 cm. |
| 650 ## - SUBJECT ADDED ENTRY--TOPICAL TERM | |
| Topical Term | Journalism--Periodicals. Mass media--Periodicals. Communication--Periodicals. |
| 942 ## - ADDED ENTRY ELEMENTS (KOHA) | |
| Koha item type | Serials |
No items available.